Géographie / Histoire - Statistiques

Statistiques générales
  • Ce quiz a été pris 128 fois
  • Le résultat moyen est 5 sur 8
Statistiques - réponses
Question Réponse % Correct
Combien de kilos de pâtes mange un Français en moyenne par an? 8 Kilos
86%
Quel pays asiatique a un drapeau rouge avec une étoile au milieu? Le Vietnam
86%
Quelle est la capitale du Surinam ? Paramaribo
71%
Quel est la région d'origine du risotto? La Lombardie
57%
Quelle est la langue parler au Surinam ? Le Néerlandais
57%
Quel est la date de création de la plus vieille université d'Europe qui se trouve a Bologne? 1088
43%
Le Surinam est le pays le plus boisé du monde en superficie forestière quelle est sont pourcentage? 92.8%
43%
Quel est le pays qui consomme le plus de chocolat ? La Suisse
43%
Aucun quiz correspondant
Distribution des résultats
% des personnes avec chaque résultat
Percentile par nombre de réponses
Votre historique - résultats
Vous n’avez pas pris ce quiz